Capital Cities Multiple Choice #2 - Statistics

General Stats
  • This quiz has been taken 72 times
  • The average score is 10 of 15
Answer Stats
Question Answer % Correct
Wales Cardiff
100%
Prince Edward Island Charlottetown
100%
Victoria Melbourne
100%
Russia Москва
75%
Nevada Carson City
75%
Tajikistan Dushanbe
75%
Bavaria Munich
75%
Papal States (until their abolition in 1870) Rome
75%
Hokkaido Prefecture Sapporo
75%
Greece Αθήνα
50%
Niue Alofi
50%
Lesotho Maseru
50%
Maharashtra state Mumbai (but Nagpur in winter)
50%
New Caledonia Noumea
50%
Île-de-France Paris
25%
No matching quizzes found
Score Distribution
Percent of People with Each Score
Percentile by Number Answered
Your Score History
You have not taken this quiz